DEDEMİN BAKKALI ÇIRAK (Record no. 952764)

MARC details
000 -LEADER
sabit uzunluktaki kontrol alanı 00253nam a2200097Ia 4500
001 - KONTROL NUMARASI
kontrol alanı 952764
005 - EN SON İŞLEMİN TARİH VE ZAMANI
kontrol alanı 20250826215713.0
008 - SABİT-UZUNLUKTA VERİ ÖĞELERİ--GENEL BİLGİ
sabit uzunluktaki kontrol alanı 250824s9999 xx 000 0 und d
245 #0 - ESER / YAZAR
ESER ADI DEDEMİN BAKKALI ÇIRAK
Yazar Adı ŞERMİN YAŞAR
260 ## - YAYIN, DAĞITIM, VB.
YAYIN EVİ TAZE KİTAP YAYINLARI
Holdings
Düşüm durumu Kayıp durumu Hasar Durumu Ödünç verilmez Ana kütüphane Geçerli Kütüphane Edinilen tarih Toplam ödünç verme sayısı Barkod İade tarihi Son görüntüleme tarihi Son ödünç verme tarihi Fiyatın geçerli olmaya başladığı tarih Koha materyal türü
        OSMANGAZİ İLKOKULU OSMANGAZİ İLKOKULU 24.08.2025 4 10382570 07.05.2026 22.04.2026 22.04.2026 26.08.2025 Books